Los dos amigos / (Record no. 5683)
[ view plain ]
| 000 -LEADER | |
|---|---|
| fixed length control field | 01261nam a22003137a 4500 |
| 003 - CONTROL NUMBER IDENTIFIER | |
| control field | OSt |
| 005 - DATE AND TIME OF LATEST TRANSACTION | |
| control field | 20260317105040.0 |
| 007 - PHYSICAL DESCRIPTION FIXED FIELD--GENERAL INFORMATION | |
| fixed length control field | a |
| 008 - FIXED-LENGTH DATA ELEMENTS--GENERAL INFORMATION | |
| fixed length control field | 260317b |||||||| |||| 00| 0 eng d |
| 020 ## - INTERNATIONAL STANDARD BOOK NUMBER | |
| International Standard Book Number | 9788475067292 |
| 040 ## - CATALOGING SOURCE | |
| Original cataloging agency | Foundation University |
| Language of cataloging | eng |
| Transcribing agency | Foundation University |
| Modifying agency | FULib |
| Description conventions | rda |
| 050 ## - LIBRARY OF CONGRESS CALL NUMBER | |
| Classification number | N 4742 |
| Item number | .2006 C78 |
| 100 ## - MAIN ENTRY--PERSONAL NAME | |
| Personal name | Cruzvillegas, Abraham |
| 9 (RLIN) | 13114 |
| 245 00 - TITLE STATEMENT | |
| Title | Los dos amigos / |
| Statement of responsibility, etc. | Abraham Cruzvillegas and Dr. Lakra |
| 250 ## - EDITION STATEMENT | |
| Edition statement | First edition. |
| 260 ## - PUBLICATION, DISTRIBUTION, ETC. | |
| Place of publication, distribution, etc. | Mexico City : |
| Name of publisher, distributor, etc. | A&R Press, |
| Date of publication, distribution, etc. | 2006 |
| 264 ## - PRODUCTION, PUBLICATION, DISTRIBUTION, MANUFACTURE, AND COPYRIGHT NOTICE | |
| Copyright Date | 2006 |
| 300 ## - PHYSICAL DESCRIPTION | |
| Materials specified | resource |
| Extent | 1 volume (unpaged) : |
| Other physical details | color illustrations ; |
| Dimensions | 28 cm. |
| Type of unit | volume |
| 336 ## - CONTENT TYPE | |
| Source | rdacontent |
| Content type term | text |
| Content type code | txt |
| 337 ## - MEDIA TYPE | |
| Source | rdamedia |
| Media type term | unmediated |
| Media type code | n |
| 338 ## - CARRIER TYPE | |
| Source | rdacarrier |
| Materials specified | resource |
| Carrier type term | volume |
| Carrier type code | nc |
| 500 ## - GENERAL NOTE | |
| General note | This book was made in conjunction with the exhibition, Los dos amigos, which took place at the MACO (Oaxacan Museum of Contemporary Art) in the city of Oaxaca, Mexico, in May of 2005. |
| 546 ## - LANGUAGE NOTE | |
| Language note | Mexican and English |
| 650 ## - SUBJECT ADDED ENTRY--TOPICAL TERM | |
| Source of heading or term | LC |
| Topical term or geographic name entry element | Art, Modern |
| Chronological subdivision | 21st century. |
| 9 (RLIN) | 15333 |
| 650 ## - SUBJECT ADDED ENTRY--TOPICAL TERM | |
| Source of heading or term | LC |
| Topical term or geographic name entry element | Art |
| Form subdivision | Exhibitions. |
| 9 (RLIN) | 15334 |
| 658 ## - INDEX TERM--CURRICULUM OBJECTIVE | |
| Main curriculum objective | Fine Arts, Bachelor of : |
| Subordinate curriculum objective | Art Theory ; |
| Curriculum code | FA335, FA336 |
| 700 ## - ADDED ENTRY--PERSONAL NAME | |
| Personal name | Dr. Lakra |
| 9 (RLIN) | 15335 |
| 942 ## - ADDED ENTRY ELEMENTS (KOHA) | |
| Source of classification or shelving scheme | Library of Congress Classification |
| Koha item type | Books |
| Edition | First edition. |
| Classification part | N 4742 |
| Item part | .2006 C78 |
| Call number prefix | (DAFA-FA) |
| Suppress in OPAC | No |
| Withdrawn status | Lost status | Source of classification or shelving scheme | Damaged status | Not for loan | Collection code | Home library | Current library | Shelving location | Date acquired | Total Checkouts | Full call number | Barcode | Date last seen | Price effective from | Koha item type | Accession Number |
|---|---|---|---|---|---|---|---|---|---|---|---|---|---|---|---|---|
| Library of Congress Classification | Non-fiction | Foundation University Library | Foundation University Library | DoArchitecture & Fine Arts | 03/17/2026 | (DAFA-FA) N 4742 .2006 C78 | 0192026003248 | 03/17/2026 | 03/17/2026 | Books | DAFA-2026248 |
